000 nam a22 7a 4500
999 _c8205
_d8205
008 171212b xxu||||| |||| 00| 0 eng d
100 _aJagannathan.etal.
_94636
245 _aTogether with moral Values
260 _aNew delhi
_bRachna
_c2009